[Event "S67089 Gustafson Memorial Open"]
[Site "CCLA"]
[Date "2016.11.20"]
[Round "?"]
[White "Hadley, Douglas R."]
[Black "Fisher Jr., Arthur"]
[Result "0-1"]
[WhiteElo "1606"]
[BlackElo "1608"]

1. e4 e5 2. Nf3 Nc6 3. Bb5 Bc5 4. c3 Nge7 5. O-O O-O 6. d4 exd4 7. cxd4 
Bb6 8. d5 a6 9. Ba4 Na7 10. Nc3 d6 11. h3 h6 12. Bc2 Bd7 13. a4 a5 14. Bf4
Ng6 15. Qd2 Qf6 16. Be3 Bxh3 17. gxh3 Qxf3 18. Kh2 Nh4 19. Rg1 Qf6 20. Qe2
Nf3+ 21. Kh1 Nxg1 22. Kxg1 Rad8 23. Bxb6 cxb6 24. Qe3 Qg5+ 25. Qxg5 hxg5 
26. Kg2 Nc8 27. Bd3 Ne7 28. Bb5 f5 29. Re1 fxe4 30. Rxe4 Ng6 31. Ne2 Nf4+ 
32. Nxf4 Rxf4 33. f3 Rdf8 34. Re7 Rxf3 35. Rxb7 Rf2+ 36. Kg3 Rxb2 37. Rxb6
Rb3+ 38. Kg4 Rf4+ 39. Kxg5 Rxa4 40. Kg6 Rf4 41. Rb8+ Rf8 42. Rb7 Rf6+ 43. 
Kg5 Rxh3 44. Rb8+ Rf8 45. Rb6 Rb3 46. Kg6 Rf6+ 47. Kg5 a4 48. Rb8+ Kh7 49.
 Rb6 a3 50. Rb7 a2 51. Ra7 Rxb5 52. Rxa2 Rxd5+ 0-1

[Event "S60259 Regular Quad"]
[Site "CCLA"]
[Date "2016.08.07"]
[Round "?"]
[White "Vergara, Rene"]
[Black "Williams, Rufus H."]
[Result "0-1"]
[WhiteElo "1326"]
[BlackElo "1375"]

1. e4 e5 2. Nf3 Nc6 3. Bb5 Nf6 4. Qe2 Bc5 5. c3 a6 6. Bxc6 bxc6 7. Nxe5 
O-O 8. O-O Bb7 9. d4 Bb6 10. f4 d6 11. Ng4 c5 12. Be3 Bxe4 13. Nd2 Bb7 14.
 Nxf6+ Qxf6 15. Rf2 Bc6 16. Re1 a5 17. Nc4 Bb5 18. dxc5 Bxc5 0-1

[Event "S60031 Winter Series"]
[Site "CCLA"]
[Date "2016.01.28"]
[Round "?"]
[White "Abbey, William"]
[Black "Hodgkins, Neil C."]
[Result "1-0"]
[WhiteElo "2062"]
[BlackElo "1462"]

1. e4 e5 2. Nf3 Nc6 3. Bb5 Nf6 4. d3 d6 5. O-O Bd7 6. c3 a6 7. Ba4 b5 8. 
Bc2 Bg4 9. h3 Bh5 10. a4 Be7 11. b4 O-O 12. g4 Bg6 13. Bb3 Re8 14. Nh4 Kf8
15. Qf3 a5 16. Nxg6+ hxg6 17. axb5 axb4 18. Rxa8 Qxa8 19. bxc6 Qxc6 20. g5
bxc3 21. Bc4 d5 22. exd5 Qd6 23. gxf6 Bxf6 24. Ba3 1-0

[Event "S60021 Winter Series"]
[Site "CCLA"]
[Date "2016.01.28"]
[Round "?"]
[White "Buss, Michael D."]
[Black "Quirk, Michael"]
[Result "1-0"]
[WhiteElo "2363"]
[BlackElo "2166"]

1. e4 e5 2. Nf3 Nc6 3. Bb5 Nf6 4. d3 Bc5 5. Bxc6 dxc6 6. Nbd2 Be6 7. O-O 
Qd6 8. a4 Nd7 9. Ng5 h5 10. Nxe6 Qxe6 11. Nc4 O-O-O 12. Qe1 h4 13. h3 Kb8 
14. b4 Be7 15. Qc3 g6 16. Be3 f5 17. f3 f4 18. Bf2 g5 19. Rfb1 Rdg8 20. b5
c5 21. Kf1 Rh6 22. a5 Rhg6 23. b6 cxb6 24. axb6 a6 25. Ra3 Re8 26. Qa1 Bd8
27. Rxa6 bxa6 28. Qxa6 Bxb6 29. Nxb6 Qxb6 30. Rxb6+ Rxb6 31. Qa4 Rd8 32. 
Qa2 Kc7 33. Qa7+ Kc6 34. Be1 Rdb8 35. Ba5 R8b7 36. Qa8 Rb1+ 37. Ke2 Nb8 
38. Bc3 Nd7 39. Qe8 Rg1 40. Kf2 Rd1 41. Bxe5 Rd2+ 42. Kg1 Kb6 43. Qe6+ Ka7
44. Qa2+ Kb6 45. Bd6 Ra7 46. Qb3+ Kc6 47. Qd5+ Kb6 48. Qe6 Kb5 49. Kh2 
Rxc2 50. Qb3+ Kc6 51. Qxc2 Kxd6 52. Qb3 Kc7 53. Qd5 Ra3 54. e5 1-0

[Event "S60179 Regular Quad"]
[Site "CCLA"]
[Date "2016.05.12"]
[Round "?"]
[White "Smiley, William R."]
[Black "Williams, Rufus H."]
[Result "1-0"]
[WhiteElo "1563"]
[BlackElo "1375"]

1. e4 e5 2. Nf3 Nc6 3. Bb5 Nf6 4. d3 Bc5 5. O-O O-O 6. c3 d6 7. h3 a6 8. 
Ba4 b5 9. Bc2 Bb7 10. Nbd2 Nh5 11. Nxe5 Nxe5 12. Qxh5 Bc8 13. d4 Ng6 14. 
dxc5 Qh4 15. Qxh4 Nxh4 16. cxd6 cxd6 17. g3 Bxh3 18. gxh4 Bxf1 19. Nxf1 
Rae8 20. Bb3 Rxe4 21. Ne3 Rxh4 22. Nf5 Rg4+ 23. Kf1 Re8 24. Nxd6 Re5 25. 
Nxf7 Ree4 26. Nd6+ Kf8 27. Nxe4 Rxe4 28. Be3 Rh4 29. Ke2 1-0

[Event "S60201 Summer Series"]
[Site "CCLA"]
[Date "2016.07.31"]
[Round "?"]
[White "Quirk, Michael"]
[Black "Traxler, Alex"]
[Result "1-0"]
[WhiteElo "2166"]
[BlackElo "2137"]
[Termination "abandoned"]

1. e4 e5 2. Nf3 Nc6 3. Bb5 Nf6 4. O-O Bc5 5. Nxe5 O-O 6. Bxc6 dxc6 7. d3 
Qe7 8. Nf3 Be6 9. Bg5 h6 10. Be3 Bxe3 11. fxe3 Qb4 12. b3 Ng4 13. Qe2 1-0

[Event "S67029 Gustafson Memorial Open"]
[Site "CCLA"]
[Date "2016.11.20"]
[Round "?"]
[White "Quanzaah, Emmanuel"]
[Black "O'Keefe, Michael J."]
[Result "1/2-1/2"]
[WhiteElo "2163"]
[BlackElo "2074"]

1. e4 e5 2. Nf3 Nc6 3. Bb5 Nf6 4. O-O Nxe4 5. d4 a6 6. Bxc6 dxc6 7. Qe2 
Bf5 8. Rd1 Qf6 9. dxe5 Qg6 10. Be3 Bg4 11. Nbd2 Nxd2 12. Rxd2 Be7 13. Qd3 
Qxd3 14. Rxd3 Bf5 15. Rd2 h6 16. Rad1 Be6 17. a4 b6 18. Nd4 Bd7 19. e6 
fxe6 20. Nb5 axb5 21. Rxd7 Rd8 22. Rxd8+ Bxd8 23. axb5 cxb5 24. Kf1 Rf8 
25. Bd4 Bf6 26. Bxf6 Rxf6 27. Ra1 Ke7 28. Ra7 1/2-1/2

[Event "S67109 Gustafson Memorial Open"]
[Site "CCLA"]
[Date "2016.11.20"]
[Round "?"]
[White "Simonson, Jay"]
[Black "Lyons, Anthony W."]
[Result "0-1"]
[WhiteElo "1337"]
[BlackElo "1237"]

1. e4 e5 2. Nf3 Nc6 3. Bb5 a6 4. Bc4 Nf6 5. d3 d6 6. c3 Bg4 7. h3 Bh5 8. 
g4 Bg6 9. Bg5 Be7 10. Nbd2 h6 11. Bxf6 Bxf6 12. Qe2 O-O 13. O-O-O Bg5 14. 
Rhf1 Bxd2+ 15. Rxd2 Kh8 16. Bd5 Qd7 17. Nh4 Bh7 18. Qf3 Qd8 0-1

[Event "S60309 Regular Quad"]
[Site "CCLA"]
[Date "2017.01.07"]
[Round "?"]
[White "Smiley, William R."]
[Black "Blankenship, Jerry T."]
[Result "1-0"]
[WhiteElo "1563"]
[BlackElo "1675"]

1. e4 e5 2. Nf3 Nc6 3. Bb5 a6 4. Bxc6 dxc6 5. O-O Bd6 6. d4 exd4 7. Qxd4 
f6 8. b3 Be6 9. Be3 Ne7 10. Nbd2 O-O 11. Rad1 Ng6 12. c4 b6 13. Qc3 Ne5 
14. Nxe5 Bxe5 15. Qc2 Qe7 16. Nf3 Bg4 17. Rd2 Bxf3 18. gxf3 c5 19. f4 Bd6 
20. f3 Qe6 21. Rg2 Rf7 22. Qf2 Bf8 23. Qh4 f5 24. e5 1-0

[Event "S60051 Winter Series"]
[Site "CCLA"]
[Date "2016.01.28"]
[Round "?"]
[White "Wright, John"]
[Black "Smiley, William R."]
[Result "1-0"]
[WhiteElo "1608"]
[BlackElo "1563"]

1. e4 e5 2. Nf3 Nc6 3. Bb5 a6 4. Bxc6 dxc6 5. O-O f6 6. d4 exd4 7. Nxd4 c5
8. Ne2 Qxd1 9. Rxd1 Bg4 10. f3 Bd7 11. Nbc3 Bd6 12. Nd5 O-O-O 13. a4 Bc6 
14. Nec3 Ne7 15. Be3 Rhe8 16. Bf2 Bxd5 17. Nxd5 Nxd5 18. Rxd5 b6 19. Rad1 
Be5 20. b3 Bd6 21. c4 Rd7 22. Bg3 Red8 23. Kf2 Bxg3+ 24. Kxg3 c6 25. Rxd7 
Rxd7 26. Rxd7 Kxd7 27. f4 Ke6 28. Kf3 Kd6 29. h4 b5 30. a5 h5 31. g4 bxc4 
32. bxc4 g6 33. f5 1-0

[Event "S60021 Winter Series"]
[Site "CCLA"]
[Date "2016.01.28"]
[Round "?"]
[White "Buss, Michael D."]
[Black "Sereni, Vincent T."]
[Result "1-0"]
[WhiteElo "2363"]
[BlackElo "2107"]

1. e4 e5 2. Nf3 Nc6 3. Bb5 a6 4. Bxc6 dxc6 5. O-O f6 6. d4 exd4 7. Nxd4 c5
8. Ne2 Qxd1 9. Rxd1 Bd7 10. Be3 O-O-O 11. Nbc3 Bd6 12. Bf4 Bxf4 13. Nxf4 
Ne7 14. f3 b6 15. g4 Rhf8 16. Kf2 Nc6 17. b3 Ne5 18. Rd2 g5 19. Nh5 Nxf3 
20. Rxd7 Rxd7 21. Kxf3 Rd2 22. Nd5 Kb7 23. Ndxf6 Rxh2 24. e5 Kc8 25. Re1 
Kd8 26. Kg3 Rxc2 27. e6 Ke7 28. Nd5+ Kd6 29. e7 Rb8 30. Ndf6 Rxa2 31. Nxh7
Ra3 32. Nxg5 Rxb3+ 33. Kf4 Rb4+ 34. Kf5 1-0

[Event "S60179 Regular Quad"]
[Site "CCLA"]
[Date "2016.05.12"]
[Round "?"]
[White "Williams, Rufus H."]
[Black "Smiley, William R."]
[Result "0-1"]
[WhiteElo "1375"]
[BlackElo "1563"]

1. e4 e5 2. Nf3 Nc6 3. Bb5 a6 4. Ba4 b5 5. Bb3 Nf6 6. c3 d5 7. d3 Bg4 8. 
Bg5 dxe4 9. Bxf7+ Kxf7 10. dxe4 Qxd1+ 11. Kxd1 Nxe4 12. Nd2 Nxf2+ 13. Kc2 
Nxh1 14. Rxh1 Bd6 15. h3 Bf5+ 16. Kc1 Rhe8 17. Nh4 Bd7 18. Rf1+ Kg8 19. 
Re1 Be7 20. Bxe7 Rxe7 21. a3 Rae8 22. Ne4 Rf8 23. Nf3 Bxh3 24. gxh3 Rxf3 
25. h4 Ref7 26. Kb1 Rf1 27. Rxf1 Rxf1+ 28. Ka2 Rh1 29. Kb3 Rxh4 30. Ng3 h5
0-1

[Event "S67079 Gustafson Memorial Open"]
[Site "CCLA"]
[Date "2016.11.20"]
[Round "?"]
[White "Blankenship, Jerry T."]
[Black "Capuzzi, Gabriele"]
[Result "0-1"]
[WhiteElo "1675"]
[BlackElo "1629"]

1. e4 e5 2. Nf3 Nc6 3. Bb5 a6 4. Ba4 d6 5. c3 Bd7 6. d4 g6 7. d5 Na7 8. c4
Bg7 9. Bc2 Ne7 10. Nc3 O-O 11. O-O f5 12. exf5 Nxf5 13. Ne4 Nc8 14. Bg5 
Nce7 15. Rc1 Qe8 16. Bd2 b5 17. c5 Nxd5 18. cxd6 cxd6 19. Bb3 Be6 20. Neg5
Qd7 21. Nxe6 Qxe6 22. Bh6 Nfe7 23. Bxg7 Kxg7 24. Ng5 Qf6 25. Bxd5 Nxd5 26.
 Qxd5 Qxg5 27. Qxd6 Rfd8 28. Rc7+ Kh6 29. Qc6 Qd2 30. Qc1 Qxc1 31. Rfxc1 
Re8 32. Re1 Re6 0-1

[Event "S60289 Regular Quad"]
[Site "CCLA"]
[Date "2017.01.07"]
[Round "?"]
[White "Williams, Rufus H."]
[Black "Walsh, Patrick"]
[Result "1-0"]
[WhiteElo "1375"]
[BlackElo "1647"]

1. e4 e5 2. Nf3 Nc6 3. Bb5 a6 4. Ba4 Nf6 5. d3 d6 6. h3 b5 7. Bb3 Na5 8. 
Bd5 c6 9. Bxf7+ Kxf7 10. Ng5+ Ke8 11. O-O h6 12. Nf3 c5 13. a3 Be7 14. Nc3
Rf8 15. Nd5 Nxd5 16. exd5 Kf7 17. Nh2 Kg8 18. Qh5 Bg5 19. Bxg5 Qxg5 20. 
Qxg5 hxg5 21. Ng4 Bxg4 22. hxg4 Rf4 23. f3 c4 24. Rad1 Rd4 25. dxc4 Nxc4 
26. Rxd4 1-0

[Event "S60309 Regular Quad"]
[Site "CCLA"]
[Date "2017.01.07"]
[Round "?"]
[White "Blankenship, Jerry T."]
[Black "Smiley, William R."]
[Result "0-1"]
[WhiteElo "1675"]
[BlackElo "1563"]

1. e4 e5 2. Nf3 Nc6 3. Bb5 a6 4. Ba4 b5 5. Bb3 Nf6 6. O-O d6 7. c3 Be7 8. 
d4 exd4 9. cxd4 Na5 10. Bc2 Bg4 11. Re1 O-O 12. Nbd2 Nc6 13. h3 Bh5 14. 
Nf1 Qd7 15. Ng3 Bxf3 16. Qxf3 Nxd4 17. Qc3 Nxc2 18. Qxc2 Rfe8 19. Bd2 c5 
20. Rad1 Qc6 0-1

[Event "S67039 Gustafson Memorial Open"]
[Site "CCLA"]
[Date "2016.11.20"]
[Round "?"]
[White "Clancey, James"]
[Black "Teverovski, Bogoljub"]
[Result "0-1"]
[WhiteElo "2007"]
[BlackElo "1967"]

1. e4 e5 2. Nf3 Nc6 3. Bb5 a6 4. Ba4 Nf6 5. O-O Nxe4 6. d4 b5 7. Bb3 d5 8.
 dxe5 Be6 9. Nbd2 Nc5 10. c3 Be7 11. Bc2 d4 12. Nb3 d3 13. Bb1 Nxb3 14. 
axb3 Bf5 15. Be3 O-O 16. Nd4 Nxd4 17. cxd4 c5 18. Bxd3 cxd4 19. Bxf5 dxe3 
20. fxe3 Qb6 21. Kh1 Rad8 22. Bd7 Qa7 23. e6 Kh8 24. Qg4 fxe6 25. Bxb5 
axb5 26. Rxf8+ Rxf8 27. Re1 Qxe3 28. Qd1 Qf2 0-1

[Event "S67039 Gustafson Memorial Open"]
[Site "CCLA"]
[Date "2016.11.20"]
[Round "?"]
[White "Stroup, Jim"]
[Black "Teverovski, Bogoljub"]
[Result "1-0"]
[WhiteElo "2058"]
[BlackElo "1967"]

1. e4 e5 2. Nf3 Nc6 3. Bb5 a6 4. Ba4 Nf6 5. O-O Nxe4 6. d4 b5 7. Bb3 d5 8.
 dxe5 Be6 9. Nbd2 Nc5 10. c3 Be7 11. Bc2 d4 12. Nb3 d3 13. Bb1 Nxb3 14. 
axb3 Bf5 15. Be3 O-O 16. Re1 Qd5 17. Bd4 d2 18. Re2 Bxb1 19. Rxb1 Nxd4 20.
 Nxd4 Bg5 21. g3 c5 22. Nf5 Qd3 23. Nd6 Qg6 24. h4 Bxh4 25. Rxd2 Be7 26. 
Rd5 f6 27. e6 f5 28. Qd3 Qxe6 29. Nxf5 Bf6 30. Ne3 Rad8 31. Rd1 g6 32. Qe2
Qc6 33. R1d3 Rfe8 34. Qf3 Rxd5 35. Qxd5+ Qxd5 36. Nxd5 Bd8 37. Kg2 Kf7 38.
 Kf3 h5 39. c4 g5 40. Nc3 g4+ 41. Kf4 Rf8 42. Ke4 Bf6 43. cxb5 axb5 44. 
Nxb5 Bxb2 45. Nc7 Rb8 46. Kf5 Bd4 47. f4 gxf3 48. Rxf3 Rg8 49. Nd5 Rg4 50.
 Nf4 Bf6 51. Nh3 Be7 52. Ke5+ Ke8 53. Nf4 h4 54. gxh4 Rxh4 55. Ng6 Rh1 56.
 Re3 Kf7 57. Nxe7 Kxe7 58. Kd5+ Kd8 59. Kxc5 Rh6 60. Re5 Kd7 61. b4 Rf6 
62. Rg5 Rc6+ 63. Kb5 Rh6 64. Rc5 Rg6 65. Ka5 Rd6 66. b5 Rh6 67. b6 Rh1 68.
 b7 Ra1+ 69. Kb6 Rb1+ 70. Ka7 Ra1+ 71. Kb8 Ra4 72. Rh5 Ra6 73. Rh4 Ra4 74.
 Rxa4 1-0

[Event "S60041 Winter Series"]
[Site "CCLA"]
[Date "2016.01.28"]
[Round "?"]
[White "Zarges, Ron V."]
[Black "Evans, Stanley W."]
[Result "0-1"]
[WhiteElo "1655"]
[BlackElo "1882"]

1. e4 e5 2. Nf3 Nc6 3. Bb5 a6 4. Ba4 Nf6 5. O-O Be7 6. Bxc6 dxc6 7. d3 Nd7
8. Nbd2 f6 9. Nh4 g6 10. Nc4 Nc5 11. Be3 Be6 12. Na5 Qd6 13. b4 Na4 14. a3
O-O-O 15. d4 exd4 16. Bd2 Nc3 17. Bxc3 dxc3 18. Qe2 g5 19. Nf5 Bxf5 20. 
exf5 Rhe8 21. Nc4 Qf4 22. Ne3 Bd6 23. g3 Qxf5 24. Qc4 Qe4 25. Qf7 Qg6 26. 
Qb3 Be5 27. Rad1 f5 28. Rxd8+ Rxd8 29. Nd1 Qf6 30. Ne3 h5 0-1

[Event "S60031 Winter Series"]
[Site "CCLA"]
[Date "2016.01.28"]
[Round "?"]
[White "Cacas, Alexander"]
[Black "Evans, Stanley W."]
[Result "0-1"]
[WhiteElo "1865"]
[BlackElo "1882"]

1. e4 e5 2. Nf3 Nc6 3. Bb5 a6 4. Ba4 Nf6 5. O-O Be7 6. Re1 b5 7. Bb3 O-O 
8. c3 d5 9. exd5 Nxd5 10. Nxe5 Nxe5 11. Rxe5 c6 12. d4 Bd6 13. Re1 Qh4 14.
 g3 Qh3 15. Be3 Bg4 16. Qd3 Rae8 17. Nd2 Qh5 18. a4 Bf5 19. Qf1 Bh3 20. 
Bd1 Qf5 21. Qe2 c5 22. Nf3 Nxe3 23. fxe3 cxd4 24. cxd4 Bb4 25. Bc2 Qh5 26.
 Rec1 Bg4 27. Bd1 Re6 28. axb5 axb5 29. Qg2 Rxe3 30. Kf2 Rd3 31. Rc2 Re8 
32. Be2 Rde3 33. Rd1 Qf5 34. Rdc1 Be1+ 35. Kxe1 Bxf3 0-1

[Event "S67079 Gustafson Memorial Open"]
[Site "CCLA"]
[Date "2016.11.20"]
[Round "?"]
[White "Blankenship, Jerry T."]
[Black "Strelecky, Rich"]
[Result "0-1"]
[WhiteElo "1675"]
[BlackElo "1652"]

1. e4 e5 2. Nf3 Nc6 3. Bb5 a6 4. Ba4 Nf6 5. O-O Be7 6. Re1 b5 7. Bb3 d6 8.
 c3 O-O 9. h3 Bb7 10. d4 h6 11. Nbd2 Re8 12. Nf1 Na5 13. Bc2 exd4 14. cxd4
c5 15. d5 Nc4 16. b3 Nb6 17. Ng3 Nfd7 18. Bf4 Bf6 19. Rc1 Bb2 20. Rb1 Be5 
21. Nxe5 Nxe5 22. Nf5 Bc8 23. Qd2 Bxf5 24. exf5 b4 25. Bxh6 gxh6 26. Qxh6 
Nxd5 27. Rbd1 Nf6 28. g4 Nf3+ 0-1

[Event "S60041 Winter Series"]
[Site "CCLA"]
[Date "2016.01.28"]
[Round "?"]
[White "Stevens, Daniel L."]
[Black "Strelecky, Rich"]
[Result "1-0"]
[WhiteElo "1743"]
[BlackElo "1652"]

1. e4 e5 2. Nf3 Nc6 3. Bb5 a6 4. Ba4 Nf6 5. O-O Be7 6. Re1 b5 7. Bb3 d6 8.
 c3 O-O 9. h3 Na5 10. Bc2 c5 11. d4 Qc7 12. Nbd2 Bb7 13. dxc5 Qxc5 14. Nf1
Qc8 15. Ng3 h6 16. Nf5 Qc7 17. Nxe7+ Qxe7 18. b3 Rfc8 19. Bd2 Bc6 20. Nh4 
Nxe4 21. Nf5 Qf6 22. Nxh6+ gxh6 23. Bxe4 d5 24. Bc2 Re8 25. Qh5 Kg7 26. 
Re3 Re6 27. Rf3 Qe7 28. Rg3+ Kf8 29. Bxh6+ Ke8 30. Rg8+ Kd7 31. Rxa8 Bxa8 
32. Bf5 Kc7 33. Bxe6 Qxe6 34. Re1 Nc6 35. Re3 e4 36. Bf4+ Kb6 37. Rg3 Kb7 
38. Rg8 e3 39. fxe3 Ka7 40. Rf8 Bb7 41. Qxf7 1-0

[Event "S60041 Winter Series"]
[Site "CCLA"]
[Date "2016.01.28"]
[Round "?"]
[White "Anderson, Clarence"]
[Black "Evans, Stanley W."]
[Result "1/2-1/2"]
[WhiteElo "1853"]
[BlackElo "1882"]

1. d4 d5 2. Bf4 Bf5 3. e3 e6 4. Nf3 Bd6 5. Bxd6 cxd6 6. Bd3 Ne7 7. Bxf5 
Nxf5 8. Qd3 Nd7 9. Nc3 Ne7 10. e4 dxe4 11. Nxe4 Qc7 12. Qa3 Nc8 13. O-O d5
14. Nc3 Nd6 15. Rfe1 O-O 16. Qb3 b5 17. Ne2 a5 18. c3 Nc4 19. a3 Rfb8 20. 
Qc2 Re8 21. Nd2 Nd6 22. Rac1 Rec8 23. Qd3 Nc4 24. Nxc4 bxc4 25. Qc2 Ra6 
26. Rb1 Rb6 27. g3 Rcb8 1/2-1/2

[Event "S60231 Summer Series"]
[Site "CCLA"]
[Date "2016.07.31"]
[Round "?"]
[White "Nurmi, Ronald"]
[Black "Alvarez, Adrian Astur"]
[Result "0-1"]
[WhiteElo "1477"]
[BlackElo "1460"]

1. d4 d5 2. Bf4 c5 3. e3 Nf6 4. c3 e6 5. Nd2 Bd6 6. Bg3 O-O 7. Bd3 Nc6 8. 
Ngf3 a6 9. O-O Bxg3 10. hxg3 b6 11. Ne5 Nxe5 12. dxe5 Nd7 13. f4 f6 14. 
exf6 Nxf6 15. Nf3 c4 16. Bc2 Ne4 17. Bxe4 dxe4 18. Ne5 Qe7 19. Qc2 b5 20. 
Qxe4 Bb7 21. Qc2 Qc5 22. Kf2 Qxe5 0-1

[Event "S60061 Winter Series"]
[Site "CCLA"]
[Date "2016.01.28"]
[Round "?"]
[White "Nurmi, Ronald"]
[Black "Sanchez, David A."]
[Result "1-0"]
[WhiteElo "1477"]
[BlackElo "1426"]

1. d4 d5 2. Bf4 Nf6 3. e3 c5 4. c3 Nc6 5. Nd2 cxd4 6. exd4 Bf5 7. Ngf3 e6 
8. Qb3 Qc8 9. Nh4 Be4 10. Nxe4 dxe4 11. g3 Be7 12. Ng2 Nd5 13. Bd2 O-O 14.
 Nf4 Qd7 15. Bg2 Na5 16. Qc2 Rac8 17. Bxe4 f5 18. Bg2 Bf6 19. O-O Bxd4 20.
 b4 Nxc3 21. Bxc3 Bxc3 22. Rad1 Qe7 23. bxa5 Bxa5 24. Qb3 1-0

[Event "S67099 Gustafson Memorial Open"]
[Site "CCLA"]
[Date "2016.11.20"]
[Round "?"]
[White "Nurmi, Ronald"]
[Black "Hodgkins, Neil C."]
[Result "1-0"]
[WhiteElo "1445"]
[BlackElo "1462"]

1. d4 d5 2. Bf4 c5 3. e3 Nf6 4. c3 Nc6 5. Nd2 Bf5 6. Ngf3 a6 7. h3 e6 8. 
Be2 Be7 9. O-O O-O 10. Nh4 cxd4 11. Nxf5 exf5 12. exd4 Ne4 13. Nf3 Re8 14.
 Qb3 Na5 15. Qc2 Rc8 16. Nd2 Bd6 17. Bxd6 Qxd6 18. Nf3 Nc6 19. Rfe1 f4 20.
 Bd3 f5 21. a3 h6 22. Rac1 Qg6 23. Bf1 b5 24. Nh4 Qf6 25. Nf3 g5 26. Nh2 
Qg6 27. Be2 h5 28. f3 Nf6 29. Bd3 Ne7 30. Re5 Ne4 31. fxe4 fxe4 32. Be2 
Rcd8 33. Qd1 g4 34. hxg4 h4 35. Rh5 Rf8 36. Rxh4 Kg7 37. Qe1 Qe6 38. Rc2 
Ng6 39. Rh3 Rh8 40. Rxh8 Rxh8 41. g3 Qd6 42. gxf4 Qxf4 43. Qf2 Qxf2+ 44. 
Kxf2 Rxh2+ 45. Kg3 Rh8 46. Rc1 Rc8 47. Rf1 Rf8 48. Rxf8 Kxf8 49. g5 Ne7 
50. Kf4 Kg7 51. Bh5 a5 52. Ke5 e3 53. Kd6 Kf8 54. Kc5 b4 55. cxb4 axb4 56.
 a4 b3 57. a5 Kg7 58. a6 Nc8 59. Kxd5 e2 60. Bxe2 Kg6 61. Kc4 Kxg5 62. d5 
Nb6+ 63. Kb5 Nxd5 64. a7 Kf6 65. Bc4 Nc7+ 66. Kb6 1-0

[Event "S60159 Server NA Class C Ch"]
[Site "CCLA"]
[Date "2016.05.12"]
[Round "?"]
[White "Perry, William E."]
[Black "Nurmi, Ronald"]
[Result "1/2-1/2"]
[WhiteElo "1417"]
[BlackElo "1480"]

1. d4 d5 2. Bf4 c5 3. e3 Nc6 4. c3 Nf6 5. Nd2 Bf5 6. Ngf3 e6 7. Qb3 Qd7 8.
 Bb5 Bd6 9. Ne5 Qc7 10. Bg3 O-O 11. Ndf3 Ne4 12. Bxc6 Nxg3 13. hxg3 bxc6 
14. Qd1 c4 15. g4 Be4 16. Qa4 c5 17. Qc6 Qxc6 18. Nxc6 Bxf3 19. gxf3 cxd4 
20. Nxd4 Rab8 21. b4 Be5 22. f4 Bxd4 23. exd4 f6 24. Ke2 g6 25. a4 Rb7 26.
 Rhb1 a6 27. b5 a5 28. Ke3 Rb6 29. Rh1 Rf7 30. Rh3 Re7 31. Rb1 Kg7 32. 
Rbh1 Kg8 33. R3h2 Rbb7 34. Kf3 Kh8 35. Ke3 Kg8 1/2-1/2

[Event "S60159 Server NA Class C Ch"]
[Site "CCLA"]
[Date "2016.05.12"]
[Round "?"]
[White "Perry, William E."]
[Black "Gunning, Edward E."]
[Result "1-0"]
[WhiteElo "1417"]
[BlackElo "1469"]

1. d4 d5 2. Bf4 Nf6 3. e3 Nc6 4. Nf3 g6 5. h3 Bg7 6. Be2 O-O 7. O-O Ne4 8.
 Nbd2 f6 9. c4 e5 10. dxe5 fxe5 11. Bh2 Nf6 12. Nxe5 Ne4 13. Nxc6 bxc6 14.
 Nxe4 dxe4 15. Rb1 Qe7 16. Qa4 Be5 17. Bxe5 Qxe5 18. Qxc6 Bxh3 19. gxh3 
Qg5+ 20. Kh1 Rae8 21. Qd5+ Qxd5 22. cxd5 Kh8 23. Rbc1 Re5 24. Bc4 Rf3 25. 
Rg1 Rxf2 26. Rg2 Rf3 27. Rc3 Rh5 28. Kg1 Rhxh3 29. Bb3 Rxe3 30. Rxe3 Rxe3 
31. Kf2 Rh3 32. Rg4 Rh2+ 33. Ke3 Rxb2 34. Rxe4 Rb1 35. Rc4 Re1+ 36. Kd4 
Re7 37. Ra4 g5 38. Bd1 Re1 39. Bh5 Rh1 40. Bf3 Rh4+ 41. Be4 Rf4 42. Ke5 h5
43. Rxa7 h4 44. Rxc7 h3 45. Rc1 Rf2 46. Ra1 g4 47. d6 g3 48. d7 Rd2 49. 
Bd5 h2 50. d8=Q+ Kg7 51. Qg5+ 1-0

[Event "S60231 Summer Series"]
[Site "CCLA"]
[Date "2016.07.31"]
[Round "?"]
[White "Cangelosi, Dominic"]
[Black "Alvarez, Adrian Astur"]
[Result "0-1"]
[WhiteElo "1417"]
[BlackElo "1460"]

1. d4 d5 2. e3 Bf5 3. f4 Nf6 4. Nf3 e6 5. Bb5+ Nbd7 6. O-O Be7 7. Ne5 c5 
8. Nd2 O-O 9. Ndf3 a6 10. Be2 Ne4 11. Bd3 Nxe5 12. Nxe5 f6 13. Nf3 c4 14. 
Be2 b5 15. Nh4 Rc8 16. Nxf5 exf5 17. Rf3 g5 18. fxg5 fxg5 19. Rh3 g4 20. 
Bxg4 Nf2 21. Qf3 fxg4 22. Qg3 Bd6 23. Qh4 gxh3 24. Qxd8 Rcxd8 25. g3 Ng4 
0-1

[Event "S60109 Regular Quad"]
[Site "CCLA"]
[Date "2016.03.11"]
[Round "?"]
[White "Evans, Andrew"]
[Black "Rasmussen, Bruce A."]
[Result "0-1"]
[WhiteElo "1208"]
[BlackElo "1341"]

1. d4 d5 2. e3 Nc6 3. c3 Nf6 4. Bd3 e5 5. Ne2 e4 6. Bc2 Bd6 7. b3 Ng4 8. 
g3 Qf6 9. Nf4 O-O 10. Qe2 Qh6 11. Qb5 Nxh2 12. Nd2 Nf3+ 13. Nxf3 Qxh1+ 14.
 Qf1 Qh6 15. c4 exf3 16. cxd5 Nb4 17. Kd1 Qf6 18. e4 Qxd4+ 19. Bd2 Qxa1+ 
20. Bc1 Nxa2 21. Nd3 b6 22. Kd2 Qc3+ 0-1

[Event "S60169 Server NA Class D Ch"]
[Site "CCLA"]
[Date "2016.05.12"]
[Round "?"]
[White "Cangelosi, Dominic"]
[Black "Bearce, Harold L."]
[Result "1-0"]
[WhiteElo "1419"]
[BlackElo "1095"]

1. d4 d5 2. e3 c6 3. Bd3 Nf6 4. Nd2 h6 5. f4 e6 6. Ngf3 Be7 7. Ne5 Nbd7 8.
 Ndf3 O-O 9. h4 Qb6 10. Ng5 Qd8 11. Qf3 c5 12. c3 Nxe5 13. fxe5 Nd7 14. 
Qh5 Bxg5 15. hxg5 Qxg5 16. Qxg5 hxg5 17. Bh7+ Kh8 18. e4 g6 19. Bxg6+ Kg7 
20. Bh5 Rh8 21. g4 dxe4 22. Bxg5 b6 23. Rf1 Bb7 24. Rxf7+ Kg8 25. Rxd7 1-0

[Event "S60231 Summer Series"]
[Site "CCLA"]
[Date "2016.07.31"]
[Round "?"]
[White "Cangelosi, Dominic"]
[Black "Nurmi, Ronald"]
[Result "1-0"]
[WhiteElo "1417"]
[BlackElo "1477"]

1. d4 d5 2. e3 Nf6 3. Bd3 c5 4. c3 Nc6 5. f4 Bg4 6. Nf3 e6 7. O-O Bd6 8. 
Nbd2 cxd4 9. exd4 Bxf4 10. Qc2 O-O 11. h3 Be3+ 12. Kh1 Bf5 13. Ne5 Bxd3 
14. Qxd3 Bxd2 15. Bxd2 Nxe5 16. dxe5 Ne4 17. Bf4 Rc8 18. Rad1 a6 19. Qf3 
b5 20. Qg4 g6 21. Bh6 Re8 22. Qf4 Rc7 23. h4 f5 24. exf6 Rf7 25. Bg7 Qd6 
26. Qxe4 1-0

[Event "S60221 Summer Series"]
[Site "CCLA"]
[Date "2016.07.31"]
[Round "?"]
[White "McLaughlin, Ed"]
[Black "Greco, Tom"]
[Result "0-1"]
[WhiteElo "1633"]
[BlackElo "1668"]

1. d4 d5 2. e3 Nf6 3. Bd3 c5 4. c3 Nc6 5. f4 Bg4 6. Nf3 e6 7. O-O Bd6 8. 
Nbd2 cxd4 9. cxd4 Rc8 10. Qa4 O-O 11. Ne5 Bxe5 12. fxe5 Nd7 13. e4 Nb6 14.
 Qa3 dxe4 15. Nxe4 Qxd4+ 16. Kh1 Nxe5 17. Bb1 Nbc4 18. Qg3 Nxb2 19. Be3 
Qc4 20. Kg1 Qc7 21. h3 Bf5 22. Nf6+ Kh8 23. Bxf5 exf5 24. Rac1 Qd6 25. Nh5
g6 26. Bh6 Nbd3 27. Bxf8 Rxf8 28. Rcd1 gxh5 29. Rxf5 Qb6+ 30. Kh2 Rg8 31. 
Qh4 Qg6 32. Qf6+ Qxf6 33. Rxf6 Rg6 34. Rf5 b5 35. Rxh5 b4 36. Rf5 a5 37. 
Rxd3 Nxd3 38. Rxa5 Rc6 39. Ra4 Rc1 40. Ra7 Kg7 41. Rd7 Rc3 42. Rd4 Ra3 43.
 Rd6 Nc1 0-1

[Event "S67109 Gustafson Memorial Open"]
[Site "CCLA"]
[Date "2016.11.20"]
[Round "?"]
[White "Cangelosi, Dominic"]
[Black "Simonson, Jay"]
[Result "1/2-1/2"]
[WhiteElo "1401"]
[BlackElo "1337"]

1. d4 d5 2. e3 Nf6 3. Bd3 g6 4. f4 Bg4 5. Nf3 c5 6. c3 c4 7. Bc2 e6 8. O-O
Ne4 9. Nbd2 Nxd2 10. Bxd2 Bxf3 11. Rxf3 Nc6 12. Qe2 Be7 13. a3 O-O 14. g4 
Bh4 15. Rh3 Be7 16. g5 f6 17. Qg4 f5 18. Qh4 h5 19. Bd1 Kf7 20. Qg3 Rh8 
21. Rh4 Qc7 22. Be2 Rh7 23. Rf1 1/2-1/2

[Event "S60109 Regular Quad"]
[Site "CCLA"]
[Date "2016.03.11"]
[Round "?"]
[White "Evans, Andrew"]
[Black "Taylor, Bobby C."]
[Result "0-1"]
[WhiteElo "1208"]
[BlackElo "1614"]

1. d4 Nf6 2. e3 d5 3. Bd3 g6 4. Ne2 Bg7 5. Nbc3 O-O 6. b3 Nc6 7. Nf4 e5 8.
 dxe5 Nxe5 9. Qf3 Nxf3+ 10. gxf3 Re8 11. e4 dxe4 12. fxe4 Bf5 13. Bb5 c6 
14. Ba4 Nxe4 15. f3 Qh4+ 0-1